000 00517nam a2200181Ia 4500
999 _c8127
_d8127
003 OSt
005 20200124120322.0
008 190216s9999||||xx |||||||||||||| ||und||
020 _a9789351429067
040 _coclc
082 _a381.142
_bRAY/E
100 1 _aRayudu, C. S.,
_91505
_d1946-
245 0 _aE-Commerce E-Business /
_cC S Rayudu
260 _bHimalaya Publishing House,
_c2015.
_aMumbai:
300 _a401p
650 _aCommerce
942 _cBK
_2ddc
_h381.142
_iRAY/E
_k381.142
_mRAY/E